| 000 | 00444 a2200157 4500 | ||
|---|---|---|---|
| 020 | _a0-419-19030-9 | ||
| 082 |
_a624.33 CON _bNUST-P-07 |
||
| 090 |
_c3203 _d3203 |
||
| 100 |
_aPRICHARD, BRAIN _943406 |
||
| 245 | _aCONTINOUSAND INTEGRAL BRIDGES | ||
| 260 |
_aLONDON _bE& FN S1PON LTD _c1994 |
||
| 300 |
_aXI, 295P. HB, _bILL _c24CM |
||
| 500 | _aBRIDGES | ||
| 526 |
_a0 _b0 _c0 _d624_330000000000000_CON_NUSTP0 |
||
| 942 |
_2ddc _aMCE _cB _k624.33 CON |
||
| 999 |
_c547227 _d547227 |
||